[Event "Hebraica op 30th"]
[Site "Hebraica"]
[Date "2023.02.11"]
[Round "4"]
[White "Bolsoni, Danilo Segateli"]
[Black "Moro, Andre Lucas de Mora"]
[Result "1-0"]
[WhiteElo "1651"]
[BlackElo "1763"]
[PlyCount "59"]
[EventDate "2023.02.10"]
[EventType "swiss"]
[EventRounds "7"]
[EventCountry "BRA"]
[SourceTitle "CBM 212 Extra"]
[Source "ChessBase"]
[SourceDate "2023.03.31"]
[SourceVersion "1"]
[SourceVersionDate "2023.03.31"]
[SourceQuality "1"]

1. e4 c5 2. Nf3 d6 3. d4 cxd4 4. Nxd4 Nc6 5. Nc3 Nf6 6. Be2 g6 7. Be3 Bg7 8. Qd2 0-0 9. f3 Bd7 10. g4 a5 11. h4 Nxd4 12. Bxd4 e5 13. Be3 Ne8 14. Nd5 Nc7 15. Bb6 Ra6 16. Bxa6 bxa6 17. Bxc7 Qa8 18. Bxd6 Rd8 19. Bc7 Re8 20. Nb6 Qc6 21. Qxd7 Qxd7 22. Nxd7 Re7 23. 0-0-0 f6 24. Rd6 Kf7 25. Rhd1 h5 26. Bxa5 g5 27. hxg5 fxg5 28. gxh5 Re6 29. Rxe6 Kxe6 30. Nc5+ 1-0

[Event "BRA-ch Amateur U1800"]
[Site "Sao Paulo"]
[Date "2018.05.31"]
[Round "6"]
[White "Bolsoni, Danilo Segateli"]
[Black "Terrin, Cesar Aquiles"]
[Result "1-0"]
[WhiteElo "1607"]
[BlackElo "1712"]
[PlyCount "95"]
[EventDate "2018.05.31"]
[EventType "swiss"]
[EventRounds "7"]
[EventCountry "BRA"]
[SourceTitle "EXT 2021"]
[Source "ChessBase"]
[SourceDate "2020.10.23"]
[SourceVersion "1"]
[SourceVersionDate "2020.10.23"]
[SourceQuality "1"]

1. e4 d5 2. exd5 Nf6 3. Bc4 Nxd5 4. d3 Nb6 5. Bb3 g6 6. Qf3 e6 7. Ne2 Bg7 8. c3 0-0 9. Nd2 Nc6 10. Bc2 e5 11. Ne4 Bf5 12. N2g3 Bxe4 13. Nxe4 f5 14. Bb3+ Kh8 15. Ng5 Qf6 16. Nxh7 Qh4 17. Nxf8 Bxf8 18. Qg3 Be7 19. Qxg6 Bc5 20. Qh6+ Qxh6 21. Bxh6 Kh7 22. Be3 Bd6 23. f3 Kg6 24. 0-0-0 Na5 25. Bxb6 Nxb3+ 26. axb3 axb6 27. g4 f4 28. h4 Bc5 29. Kc2 b5 30. Ra1 Rd8 31. h5+ Kh6 32. Rh2 Rd7 33. Re1 Be3 34. Rhe2 Kg5 35. Rxe3 fxe3 36. Rxe3 Kf4 37. Kd2 b4 38. Ke2 bxc3 39. Re4+ Kg3 40. bxc3 Rf7 41. Rxe5 Kh4 42. Ke3 c6 43. h6 Kg3 44. Rf5 Re7+ 45. Kd4 b6 46. b4 Re6 47. h7 Re8 48. g5 1-0

[Event "Sao Paulo op-C U1700 7th"]
[Site "Sao Paulo"]
[Date "2018.03.31"]
[Round "4"]
[White "Bolsoni, Danilo Segateli"]
[Black "Dos Anjos, Diovana Ferreira"]
[Result "0-1"]
[WhiteElo "1539"]
[BlackElo "1659"]
[PlyCount "98"]
[EventDate "2018.03.30"]
[EventType "swiss"]
[EventRounds "6"]
[EventCountry "BRA"]
[SourceTitle "EXT 2021"]
[Source "ChessBase"]
[SourceDate "2020.10.23"]
[SourceVersion "1"]
[SourceVersionDate "2020.10.23"]
[SourceQuality "1"]

1. e4 d5 2. exd5 Qxd5 3. Nc3 Qd8 4. Bc4 a6 5. Nf3 b5 6. Bb3 Nf6 7. a4 b4 8. Ne2 Bb7 9. Ng3 e6 10. 0-0 Bd6 11. d4 h6 12. Re1 0-0 13. c3 bxc3 14. bxc3 Nbd7 15. Bc2 Re8 16. Ne5 Rc8 17. Rb1 Ba8 18. Qd3 a5 19. Nc4 Nb6 20. Nxa5 c5 21. dxc5 Rxc5 22. Be3 Nbd5 23. Bxc5 Bxc5 24. Nb7 Qc7 25. Nxc5 Qxc5 26. Bb3 Nf4 27. Qd4 Qxd4 28. cxd4 Nxg2 29. Rec1 Nh4 30. Bd1 Nd5 31. Rb3 Nf4 32. Nh5 Nd5 33. a5 g6 34. Ng3 Nf4 35. Kf1 Bd5 36. Ra3 Rd8 37. f3 Ba8 38. Ne2 Nh3 39. Rcc3 Ng5 40. Kf2 Kg7 41. Ba4 Rd6 42. Rab3 Ra6 43. Rc5 Nhxf3 44. Rb6 Rxb6 45. Rxg5 Rb4 46. Bc6 Bxc6 47. Rc5 Bd5 48. Rxd5 exd5 49. Kxf3 Ra4 0-1